Deutsche Städte mit mindestens 50.000 Einwohnern - Statistiken

Allgemein
  • Dieses Quiz wurde 517 mal gespielt
  • Das Durchschnittsergebnis liegt bei 116 aus 193
Antwortstatistiken
Hint Antwort % Korrekt
3 664 088 Berlin
99%
Hamburg
99%
1 083 498 Köln
99%
München
99%
Frankfurt
98%
Dortmund
97%
Düsseldorf
97%
Stuttgart
97%
Bremen
96%
Leipzig
96%
Dresden
95%
Hannover
95%
Kiel
94%
Nürnberg
93%
495 885 Duisburg
92%
Essen
92%
Magdeburg
92%
Mainz
92%
Erfurt
91%
Freiburg
90%
Gelsenkirchen
90%
248 878 AAchen
89%
Potsdam
89%
Saarbrücken
89%
Karlsruhe
88%
Rostock
88%
Augsburg
87%
Chemnitz
87%
Jena
87%
Schwerin
87%
Wiesbaden
87%
Bochum
86%
Bonn
86%
Mannheim
86%
Ulm
86%
Bielefeld
85%
201 048 Kassel
85%
Osnabrück
85%
Regensburg
84%
Wolfsburg
84%
Flensburg
83%
Halle
83%
Münster
83%
Braunschweig
82%
Ingolstadt
82%
Lübeck
82%
Koblenz
81%
Wuppertal
81%
Heidelberg
80%
Kaiserslautern
80%
Leverkusen
80%
Würzburg
80%
Bremerhaven
79%
Mönchengladbach
79%
Oldenburg
79%
Cottbus
78%
Darmstadt
78%
Fürth
78%
151 864 Paderborn
77%
Trier
76%
Ludwigshafen
75%
Oberhausen
75%
Offenbach
74%
Gera
73%
Göttingen
73%
Krefeld
73%
Zwickau
72%
Hamm
71%
Passau
71%
Aschaffenburg
69%
Konstanz
69%
Siegen
69%
Bamberg
68%
Bergisch Gladbach
68%
Erlangen
68%
Brandenburg
67%
Heilbronn
67%
Rosenheim
67%
Herne
66%
Fulda
65%
Gießen
65%
Hagen
65%
Neuss
65%
Pforzheim
65%
Baden-Baden
64%
Recklinghausen
64%
Reutlingen
64%
Solingen
64%
Bayreuth
63%
Hildesheim
63%
Tübingen
63%
65 098 Weimar
63%
Wilhelmshaven
62%
Salzgitter
61%
Schweinfurt
61%
100 664 Gütersloh
60%
Marburg
60%
Stralsund
60%
AAlen
59%
Ahlen
59%
Bottrop
59%
Hanau
59%
Mülheim
59%
59 282 Greifswald
58%
Lüneburg
58%
Moers
58%
Esslingen
57%
Ludwigsburg
57%
Neu-Ulm
57%
83 459 Worms
57%
Celle
55%
Friedrichshafen
55%
Görlitz
55%
Witten
55%
Neubrandenburg
54%
Neumünster
53%
Düren
52%
Offenburg
52%
Remscheid
52%
Unna
52%
Minden
51%
Kempten
50%
Landshut
50%
Plauen
49%
Iserlohn
47%
Lippstadt
47%
Göppingen
46%
Ravensburg
46%
Speyer
46%
Delmenhorst
45%
Goslar
45%
Marl
45%
Gladbeck
44%
Norderstedt
44%
Rüsselsheim
44%
Dessau-Roßlau
43%
Lünen
43%
Villingen-Schwenningen
43%
74 079 Detmold
42%
Herford
41%
Lüdenscheid
41%
Ratingen
41%
Castrop-Rauxel
40%
Böblingen
39%
Bocholt
39%
Viersen
39%
Hameln
38%
Rheine
38%
Sindelfingen
38%
Kleve
37%
Velbert
37%
Wetzlar
37%
Bad Homburg
36%
Dinslaken
35%
Dorsten
35%
Gummersbach
35%
Lingen
35%
Dormagen
34%
Peine
34%
Rastatt
34%
Troisdorf
34%
Wesel
34%
Euskirchen
33%
Neuwied
33%
Arnsberg
32%
Wolfenbüttel
32%
Schwäbisch Gmünd
31%
Bad Kreuznach
30%
Grevenbroich
30%
Waiblingen
30%
Hürth
29%
Hilden
28%
Ibbenbüren
28%
Frechen
27%
Garbsen
27%
Kerpen
27%
Langenfeld
27%
Hattingen
26%
54 684 Langenhagen
26%
Nordhorn
26%
Eschweiler
25%
Bad Salzuflen
24%
Herten
24%
Menden
24%
Stolberg
24%
Bergheim
23%
50 060 Erftstadt
23%
Meerbusch
22%
Pulheim
21%
Willich
21%
Sankt Augustin
20%
Neustadt an der Weinstrasse
17%
Keine übereinstimmenden Quizze gefunden
Verteilung der Resultate
Anzahl Personen mit jedem Resultat
Perzentil nach korrekt beantworteten Fragen
Ihre Resultats-Entwicklung
Sie haben dieses Quiz noch nicht gespielt